000 00556pam a2200217 a 4500
001 3839182
005 20240227020820.0
008 870416s1988 enk b 001 0 eng
020 _a0582024005
020 _a058229519X (pbk.)
040 _aDLC
_cDLC
_dDLC
082 0 0 _a323.334.
_219
_bTHE.
100 1 _aCarter, April.
245 1 4 _aThe politics of women's rights /
_cApril Carter.
260 _aLondon ;
_aNew York :
_bLongman,
_c1988.
300 _a211 p. ;
500 _aIncludes index.
650 0 _aWomen's rights
650 0 _aWomen
942 _cL
999 _c495
_d495